[Event "46th Capablanca Memorial Open A"]
[Site "Havana CUB"]
[Date "2010.05.17"]
[Round "6.35"]
[White "Castillo Coca, Mayrebis"]
[Black "Lopez Vilier, Luis Angel"]
[Result "1/2-1/2"]
[WhiteTitle "WFM"]
[BlackTitle "FM"]
[WhiteElo "2087"]
[BlackElo "2316"]
[WhiteFideId "3511910"]
[BlackFideId "3509320"]
[EventDate "2011.05.11"]

1. d4 Nf6 2. Nf3 d5 3. Bf4 e6 4. e3 c5 5. c3 Qb6 6. Qb3 cxd4 7. exd4 Bd7 8. Nbd2
Bc6 9. Bd3 Nbd7 10. O-O Be7 11. Rfe1 O-O 12. h3 Rfc8 13. Ne5 Nxe5 14. Bxe5 Nd7
15. Bf4 Qa5 16. Qc2 Nf8 17. Nb3 Qb6 18. Qe2 a5 19. Rab1 a4 20. Nd2 a3 21. b4 Be8
22. Rbc1 Ng6 23. Bg3 Bg5 24. h4 Bh6 25. h5 Nf4 26. Bxf4 Bxf4 27. g3 Bh6 28. f4
Rc6 29. Kg2 f6 30. Nb3 Qc7 31. Nc5 Bf7 32. Qc2 b6 33. Bxh7+ Kh8 34. b5 Rd6 35.
Na6 Qd7 36. Bg6 Bxg6 37. hxg6 Re8 38. Re5 fxe5 39. dxe5 d4 40. exd6 Qxd6 41.
cxd4 Qd5+ 42. Kg1 Qxd4+ 43. Qf2 Qd3 44. Kh2 Qxg6 45. Qxb6 Qh5+ 46. Kg1 e5 47.
Re1 exf4 48. Rxe8+ Qxe8 49. Qb8 Qxb8 50. Nxb8 fxg3 51. Nd7 Kg8 52. b6 Bf4 53. b7
Kf7 54. b8=Q Bxb8 55. Nxb8 Ke6 56. Nc6 Kd5 57. Nb4+ Kc4 58. Nc2 Kc3 59. Nxa3 Kb2 1/2-1/2

[Event "46th Capablanca Memorial Open A"]
[Site "Havana CUB"]
[Date "2010.05.17"]
[Round "6.37"]
[White "Camacho Martinez, Guillermo"]
[Black "Zavarce, Oscar Enrique"]
[Result "1/2-1/2"]
[WhiteTitle "FM"]
[BlackTitle "FM"]
[WhiteElo "2336"]
[BlackElo "2223"]
[WhiteFideId "3502520"]
[BlackFideId "3902501"]
[EventDate "2011.05.11"]

1. d4 Nf6 2. c4 e6 3. Nf3 b6 4. g3 Bb7 5. Bg2 Bb4+ 6. Nbd2 c5 7. dxc5 Bxc5 8.
O-O O-O 9. a3 Be7 10. b3 d6 11. Bb2 Nbd7 12. Qc2 Qc7 13. Rac1 Rac8 14. Qb1 Nc5
15. Qa1 e5 16. Ne1 Nfe4 17. Nxe4 Nxe4 18. Rc2 f5 19. b4 Bg5 20. Nf3 Bf6 21. Rfc1
Qf7 22. Bf1 Kh8 23. Qa2 g5 24. Qa1 g4 25. Ne1 Bg5 26. e3 Qe6 27. Nd3 Qh6 28. c5
Rf6 29. cxd6 Rxc2 30. Rxc2 Nd2 31. f4 Nf3+ 32. Kf2 Qxh2+ 33. Bg2 Qxg3+ 34. Kf1
Nh2+ 35. Kg1 Nf3+ 36. Kf1 Nh2+ 37. Kg1 Bxg2 38. Rxg2 Qxe3+ 39. Kh1 Bxf4 40. Bxe5
Bxe5 41. Qxe5 Qxe5 42. Nxe5 Nf3 43. Nxf3 gxf3 44. Rd2 Rf8 45. Kg1 Kg7 46. Rc2
Rd8 47. Rc7+ Kg6 48. d7 Kf6 49. Rxa7 Ke7 50. Rb7 Rxd7 51. Rxb6 Ra7 52. Rh6 Rxa3
53. b5 Kf7 54. Rxh7+ Kg6 55. Rh4 Rb3 56. Kf2 Kg5 57. Rc4 Rxb5 58. Kxf3 Rb3+ 59.
Kf2 Rh3 60. Kg2 Re3 61. Kf2 Ra3 62. Rb4 Kf6 63. Rb5 Rd3 64. Ke2 Rh3 65. Kf2 Ra3
66. Rb4 Ke5 67. Rc4 Rd3 68. Ra4 Rh3 69. Rb4 1/2-1/2

[Event "46th Capablanca Memorial Open A"]
[Site "Havana CUB"]
[Date "2010.05.17"]
[Round "6.38"]
[White "Marrero Lopez, Yaniet"]
[Black "Girones Barrios, Yans Richard"]
[Result "0-1"]
[WhiteTitle "WGM"]
[WhiteElo "2328"]
[BlackElo "2221"]
[WhiteFideId "3503950"]
[BlackFideId "3506142"]
[EventDate "2011.05.11"]

1. e4 e5 2. Bc4 Nf6 3. d3 Nc6 4. a3 Bc5 5. Nc3 d6 6. Na4 a6 7. Nxc5 dxc5 8. Be3
Qd6 9. Nf3 h6 10. Nh4 g5 11. Nf5 Bxf5 12. exf5 Nd4 13. c3 Nxf5 14. Qf3 Nh4 15.
Qh3 b5 16. Bb3 Qxd3 17. Rd1 Qe4 18. O-O c4 19. Ba2 O-O 20. Bc5 Rfe8 21. Bb1 Qc6
22. Be3 Rad8 23. Rde1 Nh5 24. f3 Nf4 25. Bxf4 exf4 26. Be4 Qc5+ 27. Kh1 f5 28.
g3 fxe4 29. gxh4 exf3 30. hxg5 Rxe1 31. Rxe1 Qd5 32. Rf1 f2+ 33. Qg2 hxg5 34.
Rxf2 Qxg2+ 35. Kxg2 Rd3 36. Kf1 Kg7 37. h4 f3 38. Kg1 Rd1+ 39. Kh2 g4 40. Kg3
Rg1+ 41. Kf4 Rg2 42. Rf1 f2 0-1

[Event "46th Capablanca Memorial Open A"]
[Site "Havana CUB"]
[Date "2010.05.17"]
[Round "6.39"]
[White "Fleites Martin, Yuleikys"]
[Black "Illas Pueyo, Leonardo"]
[Result "0-1"]
[WhiteTitle "WIM"]
[BlackTitle "FM"]
[WhiteElo "2167"]
[BlackElo "2310"]
[WhiteFideId "3502759"]
[BlackFideId "3504212"]
[EventDate "2011.05.11"]

1. e4 c5 2. Nf3 d6 3. d4 cxd4 4. Qxd4 Nc6 5. Bb5 Bd7 6. Bxc6 bxc6 7. O-O e5 8.
Qd3 Nf6 9. c4 Qc7 10. Nc3 a5 11. b3 h6 12. Nd2 Be7 13. c5 dxc5 14. Nc4 Be6 15.
Qg3 a4 16. Rb1 axb3 17. axb3 Bxc4 18. bxc4 O-O 19. Bxh6 Ne8 20. Rb3 Qd6 21. Rb7
Qe6 22. Nd1 Kh7 23. Bg5 f6 24. Bc1 Nd6 25. Rc7 Nxc4 26. Ne3 Nxe3 27. Bxe3 Rf7
28. Qh3+ Qxh3 29. gxh3 Kg6 30. Rxc6 Ra4 31. Rc1 Rxe4 32. Bxc5 Bxc5 33. R1xc5 Ra7
34. Rc2 Re1+ 35. Kg2 Raa1 36. f3 Rg1+ 37. Kf2 Rg5 38. R2c4 Ra2+ 39. Rc2 Rxc2+
40. Rxc2 Rf5 41. Kg3 Rf4 42. Rc7 Ra4 43. Re7 Ra2 44. h4 Re2 45. Re6 Re3 46. Kg4
Kf7 47. Ra6 Rb3 48. Ra7+ Kg6 49. Re7 f5+ 50. Kg3 e4 51. h5+ Kf6 52. Ra7 Rxf3+
53. Kg2 Rb3 54. Ra6+ Kg5 55. Rg6+ Kxh5 56. Rxg7 f4 57. Re7 Rb2+ 58. Kh3 e3 59.
Re5+ Kg6 60. Kg4 Rf2 61. h4 e2 62. h5+ Kf6 63. Re8 Kf7 64. Re5 f3 65. h6 Rf1 66.
h7 Kg7 0-1

[Event "46th Capablanca Memorial Open A"]
[Site "Havana CUB"]
[Date "2010.05.17"]
[Round "6.40"]
[White "Machado Escanio, Michel"]
[Black "Llaudy Pupo, Lisandra"]
[Result "1/2-1/2"]
[WhiteTitle "FM"]
[BlackTitle "WIM"]
[WhiteElo "2309"]
[BlackElo "2216"]
[WhiteFideId "3506290"]
[BlackFideId "3506487"]
[EventDate "2011.05.11"]

1. c4 e5 2. g3 Nf6 3. Bg2 Nc6 4. Nf3 Bc5 5. O-O d6 6. Nc3 a6 7. d3 O-O 8. Rb1 h6
9. Ne1 Rb8 10. Nc2 Ba7 11. b4 Bd7 12. a4 Qc8 13. Re1 Nd4 14. Nxd4 Bxd4 15. Bb2
Bc6 16. Nd5 Bxd5 17. cxd5 Bb6 18. a5 Ba7 19. Qd2 Qd7 20. Rec1 Rbc8 21. Qc2 Ng4
22. d4 exd4 23. Qd3 Ne5 24. Qd2 Qb5 25. Bxd4 Bxd4 26. Qxd4 Qxe2 27. Rc3 f5 28.
Qd1 Qxd1+ 29. Rxd1 Rfe8 30. h3 Nf7 31. Rdc1 Re7 32. Bf1 g6 33. f4 Kg7 34. Kf2
Kf6 35. Bg2 g5 36. Bf3 Nh8 37. fxg5+ hxg5 38. Rb1 Nf7 39. b5 axb5 40. Rxb5 Ra8
41. Rc1 b6 42. axb6 Ra2+ 43. Kf1 cxb6 44. Rxb6 Re3 45. Bh5 Rxg3 46. Rc7 Rxh3 47.
Rxf7+ Ke5 48. Re7+ Kd4 49. Be2 g4 50. Rb4+ Kc3 51. Rc4+ Kd2 52. Rd4+ Kc3 53. Rf4
Kd2 54. Rxf5 Ra1+ 55. Kg2 Rah1 56. Bxg4 R1h2+ 57. Kg1 Rh1+ 1/2-1/2

[Event "46th Capablanca Memorial Open A"]
[Site "Havana CUB"]
[Date "2010.05.17"]
[Round "6.41"]
[White "Abreu Jean, Carlos Paul"]
[Black "Tovio, Israel"]
[Result "1/2-1/2"]
[BlackTitle "FM"]
[WhiteElo "2101"]
[BlackElo "2297"]
[WhiteFideId "6405525"]
[BlackFideId "4402049"]
[EventDate "2011.05.11"]

1. e4 c5 2. Nf3 d6 3. d4 cxd4 4. Nxd4 Nf6 5. Nc3 Nc6 6. Be2 e5 7. Nb3 Be7 8. Be3
O-O 9. O-O Be6 10. Bf3 a5 11. Nd5 Bxd5 12. exd5 Nb4 13. c4 Nd7 14. Qd2 b6 15. g3
Qc7 16. Rfc1 Na6 17. Qe2 f5 18. Bg2 Nac5 19. f3 Nxb3 20. axb3 f4 21. Bf2 Bg5 22.
Rc2 Rae8 23. Qd1 Nc5 24. Re2 e4 25. gxf4 Bxf4 26. fxe4 Qf7 27. Kh1 Qh5 28. Bg1
Be5 29. Re3 Qg6 30. Qe2 Rf4 31. Rg3 Qf7 32. Rg4 Nxb3 33. Rxf4 Qxf4 34. Rf1 Nd4
35. Qh5 g6 36. Qh3 Qg5 37. Qd3 Qh5 38. Bh3 Ne2 39. Be6+ Kh8 40. Rf2 Nxg1 41.
Kxg1 Qg5+ 42. Kh1 Qc1+ 43. Kg2 Bxb2 44. c5 Qg5+ 45. Kh1 Qc1+ 46. Kg2 Qg5+ 47.
Kh1 Qc1+ 48. Kg2 1/2-1/2

[Event "46th Capablanca Memorial Open A"]
[Site "Havana CUB"]
[Date "2010.05.17"]
[Round "6.42"]
[White "Forgas Moreno, Yaniela"]
[Black "Castellanos Sanchez, Carlos M"]
[Result "1/2-1/2"]
[WhiteTitle "WFM"]
[BlackTitle "FM"]
[WhiteElo "2093"]
[BlackElo "2293"]
[WhiteFideId "3508072"]
[BlackFideId "3501310"]
[EventDate "2011.05.11"]

1. e4 e5 2. Nf3 d6 3. Bc4 Be7 4. c3 Nf6 5. d3 O-O 6. O-O c6 7. Bb3 Nbd7 8. Re1
Nc5 9. Bc2 Qc7 10. Nbd2 g6 11. d4 Ne6 12. Nc4 exd4 13. Nxd4 b5 14. Nxe6 Bxe6 15.
Ne3 Rad8 16. Qf3 Rfe8 17. Nf1 Ng4 18. h3 Ne5 19. Qg3 Bf6 20. Bg5 Bxg5 21. Qxg5
Qe7 22. Qg3 Nc4 23. b3 Na3 24. Bd3 c5 25. Ne3 c4 26. Bf1 Qf6 27. bxc4 bxc4 28.
Rac1 Qe5 29. f4 Qg7 30. f5 gxf5 31. Qxg7+ Kxg7 32. exf5 Bc8 33. Nxc4 Nxc4 34.
Bxc4 Bxf5 35. Rxe8 Rxe8 36. Rd1 Rc8 37. Bb3 Rc6 38. Kf2 Kf6 39. Ke2 Bg6 40. Rd4
h5 41. Kd2 Ke5 42. Bc2 Ra6 43. Bxg6 fxg6 44. a4 d5 45. g4 Rf6 46. gxh5 gxh5 47.
Rh4 Rf5 48. Ke3 Rg5 49. Kf3 a5 50. Ke3 Rf5 51. Kd3 Kf6 52. Ke3 Ke5 53. Kd3 Rg5
54. Ke3 Rf5 55. Kd3 Rf3+ 56. Kd2 Rf4 57. Rxh5+ Kd6 58. h4 Rxa4 59. Rh8 Rg4 60.
Ra8 Rxh4 61. Rxa5 Ke5 62. Ra8 Rh2+ 63. Kd3 Rh3+ 64. Kd2 1/2-1/2

[Event "46th Capablanca Memorial Open A"]
[Site "Havana CUB"]
[Date "2010.05.17"]
[Round "6.43"]
[White "Miranda Llanes, Yerisbel"]
[Black "Miranda Rodriguez, Tania"]
[Result "1-0"]
[WhiteTitle "WFM"]
[BlackTitle "WFM"]
[WhiteElo "2226"]
[BlackElo "2167"]
[WhiteFideId "3507700"]
[BlackFideId "3510417"]
[EventDate "2011.05.11"]

1. d4 Nf6 2. c4 g6 3. Nc3 Bg7 4. e4 d6 5. Nf3 O-O 6. Be2 e5 7. O-O Nc6 8. d5 Ne7
9. b4 Nh5 10. Re1 a5 11. Ba3 axb4 12. Bxb4 Nf4 13. Bf1 b6 14. a4 f5 15. a5 fxe4
16. Nd2 c5 17. dxc6 Nxc6 18. Ba3 Nd4 19. axb6 Nd3 20. Bxd3 exd3 21. Nde4 Qxb6
22. Qxd3 Rd8 23. Bxd6 Rxa1 24. Rxa1 Bf5 25. c5 Qb3 26. Qb1 Qxb1+ 27. Rxb1 Ne2+
28. Nxe2 Bxe4 29. Rb6 Rc8 30. f3 Bc6 31. Kf2 Bf8 32. Bxf8 Kxf8 33. Nc3 Ke7 34.
Ke3 Ba8 35. Na4 Bd5 36. Ra6 Rc7 37. Ra5 Kd7 38. Nb2 Bc6 39. Nd3 Ke6 40. Nb4 Kd7
41. Ra6 Bb5 42. Rd6+ Kc8 43. c6 Ra7 44. Nd5 Ra2 45. Ne7+ Kb8 46. Ke4 Bxc6+ 47.
Nxc6+ Kc7 48. Rf6 Rxg2 49. Nxe5 Rxh2 50. Kd5 Rh5 51. Ke6 Kb6 52. f4 Kc5 53. Nxg6
hxg6 54. Rxg6 Kd4 55. f5 Rh4 56. f6 Re4+ 57. Kf7 Ke5 58. Kg7 Kf5 59. f7 Re7 60.
Rf6+ Kg5 1-0

[Event "46th Capablanca Memorial Open A"]
[Site "Havana CUB"]
[Date "2010.05.17"]
[Round "6.44"]
[White "Gomez Fontal, Felix Manuel"]
[Black "Corrales Jimenez, Zenia"]
[Result "1-0"]
[WhiteTitle "IM"]
[BlackTitle "WFM"]
[WhiteElo "2417"]
[BlackElo "2182"]
[WhiteFideId "3500357"]
[BlackFideId "3506355"]
[EventDate "2011.05.11"]

1. d4 Nf6 2. Nf3 g6 3. Bg5 Bg7 4. Nbd2 d5 5. e3 O-O 6. Be2 Nbd7 7. c4 dxc4 8.
Bxc4 c5 9. O-O h6 10. Bh4 cxd4 11. exd4 Nb6 12. Bb3 g5 13. Bg3 g4 14. Ne5 Qxd4
15. Qc2 Nfd7 16. Nd3 Nd5 17. Rae1 N7f6 18. Be5 Qb6 19. Nf4 Nxf4 20. Bxf4 Bd7 21.
Rxe7 Qb4 22. Rxd7 Nxd7 23. Nc4 Rfc8 24. Qe2 Nf6 25. g3 Qb5 26. Rc1 Re8 27. Qd1
Rad8 28. Qc2 Rc8 29. Qb1 Red8 30. Nd6 Rxc1+ 31. Qxc1 Qc6 32. Qxc6 bxc6 33. Nxf7
Ra8 34. Ne5+ Kf8 35. Nxc6 a6 36. Nd4 Nh5 37. Ne6+ Ke8 38. Nxg7+ Nxg7 39. Bxh6
Nf5 40. Bg5 Nd6 41. Bf6 Rc8 42. Be6 1-0

[Event "46th Capablanca Memorial Open A"]
[Site "Havana CUB"]
[Date "2010.05.17"]
[Round "6.45"]
[White "Torres Rosas, Luis Carlos"]
[Black "Arribas Robaina, Maritza"]
[Result "1-0"]
[WhiteTitle "CM"]
[BlackTitle "WGM"]
[WhiteElo "2129"]
[BlackElo "2300"]
[WhiteFideId "5111080"]
[BlackFideId "3501418"]
[EventDate "2011.05.11"]

1. d4 d5 2. c4 c6 3. Nf3 Nf6 4. Nc3 e6 5. Bg5 Nbd7 6. e3 Bd6 7. Qc2 O-O 8. Rd1
Re8 9. Bd3 h6 10. Bh4 a6 11. O-O dxc4 12. Bxc4 Qc7 13. e4 e5 14. Qb3 Rf8 15. Bg3
exd4 16. Bxd6 Qxd6 17. Nxd4 Ng4 18. g3 Qc5 19. h3 Ngf6 20. Kh2 b5 21. Be2 Re8
22. Bf3 Qb6 23. Bg2 Nc5 24. Qc2 b4 25. Na4 Nxa4 26. Qxa4 Bb7 27. f3 c5 28. Nf5
Rad8 29. Qc2 Bc8 30. Ne3 Be6 31. b3 Rd4 32. f4 Red8 33. f5 Bc8 34. e5 Ne8 35.
Nd5 Qa7 36. f6 g6 37. Ne7+ Kf8 38. Nxc8 Qc7 39. Nd6 Rxd1 40. Rxd1 Nxd6 41. Qd2 1-0

[Event "46th Capablanca Memorial Open A"]
[Site "Havana CUB"]
[Date "2010.05.17"]
[Round "6.46"]
[White "Pina Vega, Sulennis"]
[Black "Frometa Castillo, Zirka"]
[Result "1-0"]
[WhiteTitle "WGM"]
[BlackTitle "WGM"]
[WhiteElo "2298"]
[BlackElo "2125"]
[WhiteFideId "3503151"]
[BlackFideId "3501434"]
[EventDate "2011.05.11"]

1. e4 c6 2. d4 d5 3. Nc3 dxe4 4. Nxe4 Bf5 5. Ng3 Bg6 6. f4 e6 7. h4 h6 8. h5 Bh7
9. Nf3 Nf6 10. Bd3 Bxd3 11. Qxd3 Nbd7 12. Bd2 Qb6 13. O-O-O O-O-O 14. Ne4 Nxe4
15. Qxe4 Qa6 16. Kb1 Nf6 17. Qe1 Bd6 18. Ne5 Rhf8 19. Ba5 b6 20. Bb4 Bxb4 21.
Qxb4 Nd5 22. Qd2 Qb7 23. g4 f6 24. Ng6 Rf7 25. Rhe1 Nc7 26. g5 hxg5 27. fxg5 c5
28. Qf2 cxd4 29. h6 gxh6 30. gxf6 d3 31. cxd3 Kb8 32. Ne5 Rff8 33. Rc1 Ka8 34.
f7 Nd5 35. a3 b5 36. Rf1 b4 37. axb4 Nxb4 38. Rc3 Nd5 39. Ra3 Rb8 40. Nc4 Rbd8
41. Na5 Qb6 42. Qxb6 Nxb6 43. Nc6 Rd7 44. Ne5 Rb7 45. d4 Nd7 46. Ng6 Rfb8 47.
f8=Q Rxb2+ 48. Ka1 Nxf8 49. Nxf8 Re2 50. Nd7 Rg8 51. Nc5 e5 52. d5 Rd2 53. Na6
Rc8 54. Rb3 Rdc2 55. Rfb1 Rc1 56. Rxc1 Rxc1+ 57. Kb2 1-0

[Event "46th Capablanca Memorial Open A"]
[Site "Havana CUB"]
[Date "2010.05.17"]
[Round "6.47"]
[White "Sanchez Castillo, Sarai"]
[Black "Ubaldo Suarez, Maria Gisela"]
[Result "1/2-1/2"]
[WhiteTitle "IM"]
[BlackTitle "WIM"]
[WhiteElo "2268"]
[BlackElo "2079"]
[WhiteFideId "3900754"]
[BlackFideId "3900630"]
[EventDate "2011.05.11"]

1. e4 c5 2. Nf3 Nc6 3. Nc3 g6 4. d4 cxd4 5. Nxd4 Bg7 6. Be3 d6 7. Bc4 Nf6 8. h3
Bd7 9. O-O Rc8 10. Bb3 O-O 11. f4 Nxd4 12. Bxd4 Bc6 13. Qd3 Nd7 14. Bxg7 Kxg7
15. Qd4+ Kg8 16. Rae1 Qb6 17. Qxb6 Nxb6 18. Rf2 a5 19. a4 Kg7 20. f5 Nd7 21.
Ref1 Ne5 22. f6+ exf6 23. Rxf6 Rfd8 24. R6f2 Rd7 25. Rd1 Rcd8 1/2-1/2

[Event "46th Capablanca Memorial Open A"]
[Site "Havana CUB"]
[Date "2010.05.17"]
[Round "6.48"]
[White "Adel Lahchaichi, Oussama"]
[Black "Balanza Llama, Claudia De La C."]
[Result "1-0"]
[WhiteTitle "FM"]
[WhiteElo "2265"]
[BlackElo "1976"]
[WhiteFideId "2207885"]
[BlackFideId "3513165"]
[EventDate "2011.05.11"]

1. c4 Nf6 2. g3 e5 3. Bg2 d5 4. cxd5 Nxd5 5. Nf3 Nc6 6. O-O Nde7 7. d3 Nf5 8.
Nbd2 Be7 9. a3 a5 10. b3 O-O 11. Bb2 f6 12. Rc1 Be6 13. Qc2 Qd7 14. Ne4 Nh6 15.
d4 exd4 16. Rfd1 Qd5 17. Nxd4 Nxd4 18. Rxd4 Qb5 19. Qxc7 Bd8 20. Qd6 Bxb3 21. a4
Qxe2 22. Rd2 Qh5 23. Nc5 Bf7 24. Bxb7 Ra7 25. Qxd8 Rxd8 26. Rxd8+ Be8 27. Bd5+
Kf8 28. Ba3 Ke7 29. Nb7# 1-0

[Event "46th Capablanca Memorial Open A"]
[Site "Havana CUB"]
[Date "2010.05.17"]
[Round "6.49"]
[White "Pirola, Claudionor Alcides Lima"]
[Black "Martinez Reyes, Pedro Ramon"]
[Result "0-1"]
[WhiteElo "2104"]
[BlackElo "2198"]
[WhiteFideId "2130556"]
[BlackFideId "3901807"]
[EventDate "2011.05.11"]

1. d4 d5 2. c4 dxc4 3. Nf3 Nf6 4. e3 e6 5. Bxc4 c5 6. Nc3 Nc6 7. a3 Qc7 8. O-O
a6 9. Ba2 Be7 10. dxc5 Bxc5 11. b4 Bd6 12. Bb2 O-O 13. Rc1 Rd8 14. Qe2 b5 15. e4
Bb7 16. e5 Nxe5 17. Nxe5 Bxe5 18. Nxb5 Bxh2+ 19. Kh1 Qf4 20. Bxf6 Qh6 21. Qg4
Bg3+ 0-1

[Event "46th Capablanca Memorial Open A"]
[Site "Havana CUB"]
[Date "2010.05.17"]
[Round "6.50"]
[White "Gascon, Jose Rafael"]
[Black "Hernandez Moya, Yuleisis"]
[Result "1-0"]
[BlackTitle "WFM"]
[WhiteElo "2120"]
[BlackElo "2174"]
[WhiteFideId "3902463"]
[BlackFideId "3511685"]
[EventDate "2011.05.11"]

1. e4 e6 2. d4 d5 3. Nc3 Bb4 4. e5 c5 5. dxc5 Qc7 6. Nf3 Bxc3+ 7. bxc3 Nd7 8.
Bf4 Qxc5 9. Bd3 Qxc3+ 10. Bd2 Qc7 11. O-O Ne7 12. Re1 Nc5 13. Bb4 Bd7 14. Ng5
Nxd3 15. cxd3 h6 16. Bd6 Qd8 17. Nf3 Nf5 18. Ba3 Bc6 19. d4 h5 20. Qd2 Qd7 21.
Qg5 Qd8 22. Qf4 Rg8 23. Ng5 Qd7 24. h3 O-O-O 25. Rec1 f6 26. exf6 gxf6 27. Rxc6+
bxc6 28. Rb1 Nd6 29. Nf7 Nb7 30. Nxd8 Qxd8 31. Qe3 Qd7 32. Qe2 Kb8 33. Qxh5 Qg7
34. Qf3 Ka8 35. Qg3 Qxg3 36. fxg3 Rxg3 37. Be7 f5 38. h4 Rg7 39. Bf6 Rg6 40. Bg5
c5 41. Bf4 cxd4 42. h5 Rg7 43. h6 Rh7 44. Rc1 Nd6 45. Bxd6 Rxh6 46. Bf4 Rh8 47.
g3 Re8 48. Be5 Kb7 49. Kf2 Ka6 50. Ke2 Kb5 51. Kd3 a5 52. Kxd4 Ka4 53. Rc6 Ka3
54. Ra6 Kxa2 55. Rxa5+ Kb3 56. Ra6 Kc2 57. Bf4 Kd1 58. Ke5 Rd8 59. Rd6 Rf8 60.
Kxe6 1-0

[Event "46th Capablanca Memorial Open A"]
[Site "Havana CUB"]
[Date "2010.05.17"]
[Round "6.51"]
[White "Perez Rodriguez, Jennifer"]
[Black "Romero Nunez, Wendy"]
[Result "1/2-1/2"]
[WhiteTitle "WIM"]
[BlackTitle "WFM"]
[WhiteElo "2227"]
[BlackElo "2132"]
[WhiteFideId "3507831"]
[BlackFideId "3510174"]
[EventDate "2011.05.11"]

1. d4 d5 2. c4 e6 3. e3 c6 4. Nf3 Nf6 5. Bd3 Nbd7 6. b3 Ne4 7. O-O Bd6 8. Bb2
Qc7 9. c5 Be7 10. Ne1 O-O 11. f3 Nef6 12. f4 b6 13. b4 a5 14. a3 Ba6 15. Nd2 Ne4
16. Nxe4 dxe4 17. Bxa6 Rxa6 18. Qc2 axb4 19. axb4 Rxa1 20. Bxa1 Ra8 21. Bb2 Nf6
22. Qb3 Nd5 23. Nc2 Qb7 24. Qc4 b5 25. Qb3 f5 26. Ra1 Kf7 27. Rxa8 Qxa8 28. Qa3
Qxa3 29. Bxa3 g5 30. g3 h5 31. Bc1 h4 32. Kg2 Kg6 33. Bd2 Kh5 34. Kh3 Bf6 35.
Na1 gxf4 36. gxf4 Bxd4 37. Nc2 Bf6 38. Be1 e5 39. fxe5 Bxe5 40. Bxh4 Bxh2 41.
Nd4 Nxb4 42. Nxf5 Be5 43. Bg3 Bc3 44. Nd6 Bd2 45. Nxe4 Bxe3 46. Bd6 Nd3 47. Kg3
b4 48. Kf3 Bd4 49. Ke2 Ne5 50. Bxe5 Bxe5 51. Kd3 b3 52. Nd2 b2 53. Kc2 Bd4 54.
Nb3 1/2-1/2

[Event "46th Capablanca Memorial Open A"]
[Site "Havana CUB"]
[Date "2010.05.17"]
[Round "6.52"]
[White "Cordero Suarez, Greisy"]
[Black "Fandino Reyes, Roquelina"]
[Result "0-1"]
[BlackTitle "WIM"]
[WhiteElo "2116"]
[BlackElo "2147"]
[WhiteFideId "3502422"]
[BlackFideId "3501426"]
[EventDate "2011.05.11"]

1. e4 d6 2. g3 Nf6 3. d3 g6 4. Bg2 Bg7 5. f4 c6 6. Nf3 Qb6 7. c3 O-O 8. Qe2 Nbd7
9. Be3 Qa6 10. Nh4 e5 11. O-O d5 12. Rf2 dxe4 13. dxe4 Qxe2 14. Rxe2 Ng4 15. Bc1
exf4 16. gxf4 Nc5 17. h3 Nd3 18. Bd2 Nf6 19. b3 Nh5 20. f5 Bf6 21. Nf3 gxf5 22.
exf5 Bxf5 23. Nd4 Bg6 24. Na3 Rfe8 25. Rxe8+ Rxe8 26. Nc4 Ndf4 27. Bxf4 Nxf4 28.
Nd6 Rd8 29. N6f5 c5 30. Nh6+ Kf8 31. Ng4 cxd4 32. Nxf6 Nxg2 33. Kxg2 dxc3 34.
Ng4 Rd2+ 35. Kg3 Rd3+ 36. Kh4 c2 37. Nf2 Rc3 38. Rc1 h5 39. Kg5 Rf3 40. Nh1 Rxh3
41. Nf2 Rh2 42. Nh1 Rd2 43. Ng3 Rd1 0-1

[Event "46th Capablanca Memorial Open A"]
[Site "Havana CUB"]
[Date "2010.05.17"]
[Round "6.53"]
[White "Mendoza Velazquez, Lorena Alejan"]
[Black "Cueto Rodriguez, Yanet"]
[Result "1/2-1/2"]
[WhiteTitle "WIM"]
[BlackTitle "WFM"]
[WhiteElo "2033"]
[BlackElo "2138"]
[WhiteFideId "5101794"]
[BlackFideId "3505294"]
[EventDate "2011.05.11"]

1. d4 d5 2. Nf3 Nf6 3. Bf4 c6 4. e3 Bf5 5. Nbd2 e6 6. c4 Nbd7 7. h3 h6 8. Be2
Be7 9. Qb3 Qb6 10. c5 Qxb3 11. axb3 O-O 12. b4 a6 13. O-O Rfc8 14. Ra3 Bd8 15.
Rfa1 Bc7 16. Bxc7 Rxc7 17. b5 cxb5 18. Bxb5 Rd8 19. Be2 Re8 20. b4 e5 21. Nb3
exd4 22. Nfxd4 Be6 23. c6 bxc6 24. Rxa6 Ne5 25. Rc1 Bc8 26. Ra8 Bd7 27. Rxe8+
Nxe8 28. b5 cxb5 29. Nxb5 Rxc1+ 30. Nxc1 Nc4 31. Nc3 Nb6 32. Bf3 Nf6 33. Nd3 Kf8
34. Nb4 Be6 35. Kf1 Ke7 36. Ke2 Kd6 37. Kd3 Bd7 38. Kd4 Bc6 39. Nxc6 Kxc6 40. g4
Kd6 41. h4 g5 42. hxg5 hxg5 43. Be2 Nbd7 44. f4 gxf4 45. exf4 Nc5 46. Nb5+ Kc6
47. g5 Ne6+ 48. Ke3 Ne8 49. Nd4+ Kc5 50. Nxe6+ fxe6 51. Bg4 Ng7 52. Kd3 Kc6 53.
Kd4 Kd6 54. Ke3 1/2-1/2

[Event "46th Capablanca Memorial Open A"]
[Site "Havana CUB"]
[Date "2010.05.17"]
[Round "6.54"]
[White "Espinosa Garcia, Sandra"]
[Black "Sanchez Comesana, Angelica Maria"]
[Result "0-1"]
[WhiteTitle "WIM"]
[WhiteElo "2113"]
[BlackElo "2019"]
[WhiteFideId "3509109"]
[BlackFideId "3507742"]
[EventDate "2011.05.11"]

1. d4 d5 2. c4 c6 3. cxd5 cxd5 4. Nc3 Nf6 5. Bf4 Nc6 6. e3 a6 7. Bd3 e6 8. Nf3
Bd6 9. Ne5 Qc7 10. Qa4 Rb8 11. Nxc6 bxc6 12. Bxd6 Qxd6 13. Qc2 O-O 14. a3 c5 15.
dxc5 Qxc5 16. O-O Bd7 17. Bxa6 Qb6 18. Qd3 Qb3 19. Rab1 Rb6 20. Qe2 Rfb8 21. Bd3
R6b7 22. Rfc1 e5 23. Bc2 Qb6 24. b4 Rc7 25. Bb3 Bf5 26. Ra1 Rbc8 27. Qe1 d4 28.
Na4 Qd6 29. exd4 exd4 30. Rxc7 Rxc7 31. Nc5 Re7 32. Qd2 Ng4 33. g3 Ne5 34. Qf4
Qf6 35. Rc1 g5 36. Ne4 Qg6 37. Nxg5 Nd3 38. Qb8+ Kg7 39. Rc7 Qxg5 0-1

[Event "46th Capablanca Memorial Open A"]
[Site "Havana CUB"]
[Date "2010.05.18"]
[Round "7.1"]
[White "Gomez Garrido, Camilo"]
[Black "Aguero Jimenez, Luis Lazaro"]
[Result "1/2-1/2"]
[WhiteTitle "IM"]
[BlackTitle "IM"]
[WhiteElo "2516"]
[BlackElo "2420"]
[WhiteFideId "3507904"]
[BlackFideId "3508455"]
[EventDate "2011.05.11"]

1. e4 c5 2. Nf3 Nc6 3. d4 cxd4 4. Nxd4 Nf6 5. Nc3 e5 6. Ndb5 d6 7. Bg5 a6 8. Na3
b5 9. Nd5 Qa5+ 10. Bd2 Qd8 11. Bd3 Nxd5 12. exd5 Ne7 13. c4 g6 14. cxb5 Bg7 15.
O-O O-O 16. Qb3 Rb8 17. Nc2 e4 18. Be2 Bb7 19. Ne3 f5 20. f4 exf3 21. Bxf3 f4
22. Nc4 Nf5 23. Be4 axb5 24. Na5 Qb6+ 25. Kh1 Qd4 26. Qb4 Ne3 27. Qxd4 Bxd4 28.
Rf3 Bb6 29. Nxb7 Rxb7 30. g3 1/2-1/2